Malý slovník sociálneho zabezpečenia

Enregistré dans:
Détails bibliographiques
Auteur principal: Gajdošíková, Ľudmila
Autres auteurs: Rusiňák, Peter
Format: Livre
Langue:slovaque
Publié: Bratislava Práca 1989
Tags: Ajouter un tag
Pas de tags, Soyez le premier à ajouter un tag!

MARC

LEADER 00000nam a2200000 4500
001 c035717
005 20220906085548.2
041 0 |a slo 
044 |a SK 
245 1 0 |a Malý slovník sociálneho zabezpečenia  |c Ľudmila Gajdošíková, Peter Rusiňák 
264 1 |a Bratislava  |b Práca  |c 1989 
300 |a 236 s. 
100 1 |a Gajdošíková, Ľudmila 
700 1 |a Rusiňák, Peter